MARC details
| 000 -LEADER |
| fixed length control field |
01383cam a2200421 a 4500 |
| 001 - CONTROL NUMBER |
| control field |
977 |
| 003 - CONTROL NUMBER IDENTIFIER |
| control field |
BD-DhEWU |
| 005 - DATE AND TIME OF LATEST TRANSACTION |
| control field |
20181208201124.0 |
| 008 - FIXED-LENGTH DATA ELEMENTS--GENERAL INFORMATION |
| fixed length control field |
990308m20001999ii a g 001 0 eng d |
| 020 ## - INTERNATIONAL STANDARD BOOK NUMBER |
| International Standard Book Number |
1578700973 |
|
| International Standard Book Number |
9781578700974 |
|
| International Standard Book Number |
8176353434 |
| 035 ## - SYSTEM CONTROL NUMBER |
| System control number |
(OCoLC)43085888 |
| 040 ## - CATALOGING SOURCE |
| Original cataloging agency |
DLC |
| Transcribing agency |
DLC |
| Modifying agency |
DLC |
| -- |
BD-DhEWU |
| Language of cataloging |
eng |
| 041 ## - LANGUAGE CODE |
| Language code of text/sound track or separate title |
eng |
| 050 00 - LIBRARY OF CONGRESS CALL NUMBER |
| Classification number |
TK5105.585 |
| Item number |
.R48 1999 |
| 082 04 - DEWEY DECIMAL CLASSIFICATION NUMBER |
| Classification number |
004.678 |
| Item number |
REA 1999 |
| 100 1# - MAIN ENTRY--PERSONAL NAME |
| Personal name |
Retana, Alvaro. |
| Titles and other words associated with a name |
CCIE. |
| 9 (RLIN) |
1963 |
| 245 10 - TITLE STATEMENT |
| Title |
Advanced IP network design / |
| Statement of responsibility, etc |
Alvaro Retana, Don Slice and Russ White. |
| 246 30 - VARYING FORM OF TITLE |
| Title proper/short title |
Advanced IP network design |
| 260 ## - PUBLICATION, DISTRIBUTION, ETC. (IMPRINT) |
| Place of publication, distribution, etc |
Indianapolis, IN ; |
| -- |
New Delhi : |
| Name of publisher, distributor, etc |
Cisco Press ; |
| -- |
Techmedia, |
| Date of publication, distribution, etc |
c1999. |
| 300 ## - PHYSICAL DESCRIPTION |
| Extent |
xviii, 343 p. : |
| Other physical details |
ill. ; |
| Dimensions |
24 cm. |
| 440 #0 - SERIES STATEMENT/ADDED ENTRY--TITLE |
| Title |
CCIE professional development |
| 9 (RLIN) |
14742 |
| 504 ## - BIBLIOGRAPHY, ETC. NOTE |
| Bibliography, etc |
Includes index |
| 526 ## - STUDY PROGRAM INFORMATION NOTE |
| Program name |
CSE |
| 590 ## - LOCAL NOTE (RLIN) |
| Local note |
Sagar Shahanawaz |
| 650 #0 - SUBJECT ADDED ENTRY--TOPICAL TERM |
| Topical term or geographic name as entry element |
TCP/IP (Computer network protocol) |
| 9 (RLIN) |
14743 |
|
| Topical term or geographic name as entry element |
Computer networks. |
| 9 (RLIN) |
14744 |
|
| Topical term or geographic name as entry element |
Routers (Computer networks) |
| 9 (RLIN) |
14745 |
| 700 1# - ADDED ENTRY--PERSONAL NAME |
| Personal name |
Slice, Don. |
| 9 (RLIN) |
1967 |
|
| Personal name |
White, Russ. |
| 9 (RLIN) |
1968 |
| 856 42 - ELECTRONIC LOCATION AND ACCESS |
| Materials specified |
WorldCat details |
| Uniform Resource Identifier |
https://www.worldcat.org/title/advanced-ip-network-design/oclc/43085888&referer=brief_results |
|
| Materials specified |
E-Book Fulltext |
| Uniform Resource Identifier |
http://lib.ewubd.edu/ebook/977 |
| 942 ## - ADDED ENTRY ELEMENTS (KOHA) |
| Source of classification or shelving scheme |
Dewey Decimal Classification |
| Koha item type |
Text |